MINITAB guide to The statistical analysis of data /
Guardado en:
| Autor Principal: | |
|---|---|
| Otros Autores: | |
| Formato: | Libro |
| Idioma: | English |
| Publicado: |
Palo Alto, Calif. :
Scientific Press,
c1986.
|
| Materias: | |
| Etiquetas: |
Agregar Etiqueta
Sin Etiquetas, Sea el primero en etiquetar este registro!
|
| LEADER | 00852nam a22002055a 4500 | ||
|---|---|---|---|
| 001 | MAT.inmabb003734 | ||
| 008 | 060210s1986####cau######b####001#0#eng#d | ||
| 005 | 20160419143151.0 | ||
| 245 | 1 | 0 | |a MINITAB guide to The statistical analysis of data / |c T. W. Anderson, Barrett P. Eynon. |
| 260 | |a Palo Alto, Calif. : |b Scientific Press, |c c1986. | ||
| 300 | |a viii, 203 p. ; |c 24 cm. | ||
| 500 | |a Suplemento de: The statistical analysis of data / T. W. Anderson and Stanley L. Sclove. 2nd ed. | ||
| 504 | |a Incluye referencias bibliográficas (p. 195) e índice. | ||
| 020 | |a 0894260723 | ||
| 100 | 1 | |a Anderson, T. W. |q (Theodore Wilbur), |d 1918- | |
| 700 | 1 | |a Eynon, Barrett P. | |
| 700 | 1 | |a Anderson, T. W. |q (Theodore Wilbur), |d 1918- |t Statistical analysis of data. | |
| 084 | |a 62-01 (62-04) |2 msc2000 | ||
| 630 | 0 | 0 | |a Minitab |
| 859 | |h 62 |i An545dm |p A-9034 |b BIB. MATEMATICA | ||
